000 00648nam a2200277Ia 4500
005 20260324150218.0
008 008 260324s9999 xx 000 0 eng d
020 _a9780429479113
037 _aEBOOK
040 _aCRL
040 _beng
040 _cCRL
041 _2eng
041 _aeng
084 _qCRL
100 _aHarry Y. Guntrip
_91225638
245 0 _aPsychoanalytic Theory, Therapy and the Self
260 _bTaylor and Francis
260 _c1971
365 _a
365 _b195
856 _uhttp://www.taylorfrancis.com/books/9780429479113
942 _cEBOOK
999 _c1834713
_d1834713